01018nam a2200337 a 4500003000900000005001700009008004100026020001800067040001300085100002300098245008400121250001200205260004200217300002900259490002000288500003000308504004100338650001300379650001300392650001500405650002400420650002700444650002900471651001200500653001800512700002400530700003000554700002900584700002900613700003800642AR-BaBNM20251128205129.0082120s2002 ||||||||||||||000 | spa|| a950-40-0135-1 cAR-BaBNM1 aCoriat, Benjamín00aMade in Francebcómo enfrentar los desafíos de la competitividad industrial a1ª ed. aBuenos AiresbAlianza Editorialc1995 a467 p.bgráfs., tablas 0aAlianza Estudio aAbreviaturas en p.465-467 aContiene bibliografí en p. 453-464 4aECONOMIA 4aPOLITICA 4aPRODUCCION 4aECONOMIA INDUSTRIAL 4aFACTORES DE PRODUCCION 4aGESTION DE LA PRODUCCION 4aFrancia aGLOBALIZACION1 aTaddéi, Dominique1 aBrousse, Ireneetraductor1 aCalvo, Aliciaetraductor1 aVera, Lucíaetraductor1 aNeffa, Julio Césareprologuista